000 01211cam a2200361 a 4500
003 CHAP
005 20220329142221.0
008 000223d1998 mx r 00010 spa d
010 _a80057
011 _a81029
020 _a9681853830
035 _a91488
040 _cCHAP
082 0 4 _a631
_bA33 1998
100 0 0 _aAguilar Valdés, Alfredo.
_92867
245 1 0 _aTratado para administrar los agronegocios :
_btrabajo colectivo de investigación académica
_c/por Alfredo Aguilar Valdés
250 _a5 ed.
260 _aMéxico, D. F. :
_bLimusa,
_c1998.
300 _a973 p.
590 _aBATCH-UPD
_b10
_c20130110
_lUCH01
_h0100
590 _aBATCH-UPD
_b10
_c20130110
_lUCH01
_h2037
590 _aBATCH-UPD
_b10
_c20130409
_lUCH01
_h2049
590 _aBATCH-UPD
_b10
_c20130410
_lUCH01
_h1352
590 _aBATCH-UPD
_b10
_c20130913
_lUCH01
_h1932
590 _aCONVERSION
_b10
_c20130109
_lUCH01
_h1344
650 1 4 _aAdministración pecuaria.
_9932
650 1 4 _aEmpresas agropecuarias.
_936649
650 1 4 _aIndustrias agrícolas.
_957925
901 _aBK
905 _aLilia Sánchez G.
942 _cLIBRO
949 _a631 A33 1998
_bBC
_cLIBRO
_d33724002210827
_eLIBRO
_gI.200808
_h97301
_i91488
_si
_t$340.00
999 _c80057
_d80057